El libro de zafiro. (Registro nro. 2620)
[ vista simple ]
| 000 -LEADER | |
|---|---|
| fixed length control field | 01778nam a2200205 a 4500 |
| 008 - CAMPO DE CONTROL (LIBRO) | |
| fixed length control field | 190917t2000 sp |||g |||| 001 0 spa d |
| 020 ## - INTERNATIONAL STANDARD BOOK NUMBER | |
| ISBN | 844131344x |
| 041 ## - CODIGO DE IDIOMA | |
| Código de idioma del texto/pista de sonido o título separado | spa |
| 092 ## - SIGNATURA TOPOGRAFICA DEWEY LOCAL | |
| número de clasificación | 808 |
| libristica | 79 |
| sección | SIN |
| 100 1# - ENTRADA PRINCIPAL--NOMBRE PERSONAL | |
| Nombre personal | Sinoué, Gilbert |
| 9 (RLIN) | 3469 |
| 245 #3 - TITULO PROPIAMENTE DICHO | |
| Título | El libro de zafiro. |
| Subtítulo y Título paralelo | Nueva novela histórica / |
| Mención de responsabilidad y remanente de la transcripción de la portada | Gilbert Sinoué |
| 250 ## - MENCION DE EDICION | |
| Mención de edición | 1a ed. |
| Mención de responsabilidad relacionada con la ed. | Traducción Manuel Serrat Crespo |
| 260 ## - PIE DE IMPRENTA | |
| Lugar de publicación, distribución, etc | Barcelona: |
| Nombre de la editorial, distribuidor, etc | Plural; |
| Fecha de publicación | 2000. |
| 300 ## - DESCRIPCION FISICA | |
| Extension | 494 p. |
| 500 ## - NOTA GENERAL | |
| Nota general | Sinoue, G. (2000). El libro de zafiro. Nueva novela histórica. (1a ed.). Barcelona : Plural. |
| 505 ## - NOTA DE CONTENIDO | |
| Nota de contenido formateada | Manuela Vivero, designada por la reina Isabel para que la represente durante la celebración del auto de fe que transcurre en Toledo el 28 de abril de 1478, rompe el protocolo y huye conmocionada. Los ojos de Aben Baruel se han clavado en los suyos antes de que el hombre se encaminara, con paso firme y el asomo de una sonrisa, hacia las llamas. Esa mirada es apenas un anticipo de las aventuras que Manuela vivirá tras su encuentro con un anciano rabino, un maduro abencerraje y un joven franciscano. Ellos han sido los elegidos por Baruel para descifrar un complejo criptograma cuya resolución, solo al alcance de inteligencias tan excepcionales como las suyas, debe conducirlos al escondite de Libro de zafiro que él estudió hasta su muerte. El mensaje que figura en el libro permanece inédito, pero consta como escrito por la mano de Dios. Un texto de semejante envergadura podría poner en peligro los cimientos de la Iglesia y la casi conseguida unidad de España, o así lo creen Torquemada y la propia reina Isabel, dispuestos a lo que sea preciso para conjurar tales riesgos. |
| 590 ## - NOTAS LOCALES (RLIN) | |
| Nota local | Proyecto 4to libro, Donación Maria Vitarelli, Diciembre 2017 |
| 655 ## - MATERIA - GENERO/FORMA | |
| Género/Forma | Literatura |
| -- | 2917 |
| 942 ## - ADDED ENTRY ELEMENTS (KOHA) | |
| Source of classification or shelving scheme | Dewey Decimal Classification |
| Item type | LITERATURA |
| Estado de retiro | Existencia | Fuente de clasificación | Estado general | No para prestamo | Ubicación permanente | ubicación actual | Sala de ubicación | Fecha de adquisición | Fuente de adquisición | Total Checkouts | Número de clasificación | Código de barras | Date last seen | Número de ejemplar | Price effective from | Koha tipo de elemento (item) | Public note |
|---|---|---|---|---|---|---|---|---|---|---|---|---|---|---|---|---|---|
| Dewey Decimal Classification | Biblioteca Medicina | Biblioteca Medicina | Circulación | 27/12/2017 | Donación Maria Vitarelli, Diciembre 2017 | 808 79 SIN | 4126 | 27/12/2017 | Ej. 1 | 27/12/2017 | LITERATURA | Proyecto 4to libro. Donación Maria Vitarelli, Diciembre 2017 |